Guoji shangwu han yu (Record no. 1090556)

MARC details
000 -LEADER
fixed length control field 00749nam a2200265Ia 4500
003 - CONTROL NUMBER IDENTIFIER
control field OSt
005 - DATE AND TIME OF LATEST TRANSACTION
control field 20221006151531.0
008 - FIXED-LENGTH DATA ELEMENTS--GENERAL INFORMATION
fixed length control field 221006b |||||||| |||| 00| 0 chi d
020 ## - INTERNATIONAL STANDARD BOOK NUMBER
International Standard Book Number 9787561905586 (V.1)
037 ## - SOURCE OF ACQUISITION
Terms of availability Textual
040 ## - CATALOGING SOURCE
Original cataloging agency EASL
Transcribing agency EASL
Language of cataloging chi
041 ## - LANGUAGE CODE
Source of code chi
Language code of text/sound track or separate title chi
100 ## - MAIN ENTRY--PERSONAL NAME
Personal name LI Yimin Ed.
9 (RLIN) 659492
245 #0 - TITLE STATEMENT
Title Guoji shangwu han yu
Remainder of title International Business Chinese, Vol.1
260 ## - PUBLICATION, DISTRIBUTION, ETC.
Place of publication, distribution, etc. Beijing
Name of publisher, distributor, etc. Beijing Yuyan Wenhua Daxue Chuanshe China
Date of publication, distribution, etc. 1997
300 ## - PHYSICAL DESCRIPTION
Extent 314p.
Dimensions cm.
490 ## - SERIES STATEMENT
Volume/sequential designation CL
650 ## - SUBJECT ADDED ENTRY--TOPICAL TERM
Topical term or geographic name entry element CL
9 (RLIN) 642733
942 ## - ADDED ENTRY ELEMENTS (KOHA)
Classification part P41, N7.1
Koha item type Textual
Source of classification or shelving scheme Colon Classification (CC)
Holdings
Withdrawn status Lost status Source of classification or shelving scheme Damaged status Not for loan Home library Current library Date acquired Source of acquisition Serial Enumeration / chronology Total Checkouts Full call number Barcode Date last seen Price effective from Koha item type
    Colon Classification (CC)     Department of East Asian Studies Library Department of East Asian Studies Library 2022-10-06 Gift, CL   P41 N7.1 EA1229729 2022-10-06 2022-10-06 Textual
Copyright @ Delhi University Library System